000 00689nam a2200217Ia 4500
003 GCL
008 140319s9999 xx 000 0 ara d
040 _aGCL /
_cGCL
082 0 4 _a658.7
_bص ا
100 1 _aصلاح الشنوانى
245 1 0 _aالاصول العلمية للشراء والتخزين /
_cصلاح الشنوانى
260 _aالقاهرة :
_bمؤسسة شباب الجامعة ،
_c1993
300 _a314 ص ؛
_c24 سم
490 _a
650 0 4 _aادارة الاعمال
650 0 4 _aالتسويق
650 0 4 _aادارة المشتريات
650 0 4 _aادارة المخازن
650 0 4 _aادارة المبيعات
942 _2ddc
_cBK
999 _c53745
_d53745